000 01011cam a22003255i 4500
001 18711165
003 OSt
005 20170221160335.0
008 150722s2014 caua 001 0 eng
010 _a 2015430833
020 _a9781491905357
040 _aDLC
_beng
_erda
_cDLC
042 _apcc
050 _aQA76.585
_b.O64 2014
100 1 _aFifield, Tom
245 1 0 _aOpenStack operations guide:set up and manage your openstack guide
_cby Tom Fifield, [and 6 others].
300 _axxiv, 302 pages :
_billustrations ;
_c24 cm
500 _aIncludes index.
630 0 0 _aOpenStack (Electronic resource)
650 0 _aCloud computing.
700 1 _aFleming, Diane,
_eauthor.
700 1 _aGentle, Anne,
_eauthor.
700 1 _aHochstein, Lorin,
_eauthor.
700 1 _aProulx, Jonathan,
_eauthor.
700 1 _aToews, Everett,
_eauthor.
700 1 _aTopjian, Joe,
_eauthor.
906 _a0
_bibc
_corigres
_d2
_encip
_f20
_gy-gencatlg
942 _2lcc
_cBK
999 _c48893
_d48893